Soul-food for hungry saints. (Record no. 14227)

000 -LEADER
fixed length control field 00620nam a2200193 a 4500
001 - CONTROL NUMBER
control field :::00012056$&:&@@
003 - CONTROL NUMBER IDENTIFIER
control field OkBaRHE
005 - DATE AND TIME OF LATEST TRANSACTION
control field 20000607103415.0
008 - FIXED-LENGTH DATA ELEMENTS--GENERAL INFORMATION
fixed length control field s1925 j 000 0 eng u
040 ## - CATALOGING SOURCE
Transcribing agency
100 1# - MAIN ENTRY--PERSONAL NAME
Personal name Ward, A. G. (Alfred George), 1881-
245 10 - TITLE STATEMENT
Title Soul-food for hungry saints.
260 ## - PUBLICATION, DISTRIBUTION, ETC. (IMPRINT)
Place of publication, distribution, etc Springfield, MO., :
Name of publisher, distributor, etc The Gospel Publishing House
Date of publication, distribution, etc c1925
300 ## - PHYSICAL DESCRIPTION
Extent 141 p. ;
Dimensions 19 cm.
650 ## - SUBJECT ADDED ENTRY--TOPICAL TERM
Topical term or geographic name as entry element Assemblies of God
General subdivision Sermons
650 ## - SUBJECT ADDED ENTRY--TOPICAL TERM
Topical term or geographic name as entry element Sermons, American
942 ## - ADDED ENTRY ELEMENTS (KOHA)
Source of classification or shelving scheme
Koha item type Books
Copies
Koha item type Price effective from Not for loan Copy number Shelving location Barcode Full call number Damaged status Date acquired Date last seen Source of classification or shelving scheme Permanent Location Lost status Withdrawn status
Books2010-04-14 1General Stacks12056BX 8769 .Z6W32S6 2010-04-142010-04-14 RHEMA Bible Training College